00252nam a2200109Ia 4500008004100000041000800041082001800049100001400067245002200081260003100103300000800134230627s9999 xx 000 0 und d aeng a344.0468bJOS aJoshi.K.C aThe Factories Act bAllahabad Law Agencyc1979 a48p